| 000 | 00834nam a2200253 a 4500 | ||
|---|---|---|---|
| 008 | |||
| 020 | _a0125769210 (pbk.) | ||
| 049 | _aMAIN | ||
| 050 | 0 | _aQE601 RAM | |
| 100 | 1 | _aRamsay, John G. | |
| 245 | 1 | 4 |
_aThe techniques of modern structural geology / _cJohn G. Ramsay, Martin I. Huber. |
| 260 |
_aLondon. : _bAcademic Press, _c1983 |
||
| 300 |
_av. : _bill. ; _c30 cm. |
||
| 504 | _aIncludes bibliographical references. | ||
| 505 | 1 | _av. 1. Strain analysis -- v. 2. Folds and fractures -- v. 3. Applications of continuum mechanics in structural geology. | |
| 500 | _aIncludes index. | ||
| 650 | 0 | _aGeology, Structural. | |
| 700 | 1 | _aHuber, Martin I. | |
| 907 |
_a.b10173535 _b02-02-07 _c30-08-05 |
||
| 003 | |||
| 005 | 20230123134059.0 | ||
| 040 | _cNUST | ||
| 942 | _cBOOKS | ||
| 999 |
_c159696 _d159696 |
||